Imaginaires mexicains (notice nᵒ 12373)
[ vue normale ]
| 000 -Sello discográfico | |
|---|---|
| campo de control de longitud fija | 01011nam a2200361 4500 |
| 005 - Identificación de versión | |
| campo de control | 20251017062809.0 |
| 010 ## - Número Estándar Internacional de Libros (ISBN) | |
| Número (ISBN) | 2-7621-2015-2 |
| 035 ## - Otros números de control del sistema | |
| Número de control del sistema | 27482 |
| 099 ## - fechas locales | |
| Tipo de ítem Koha | LIBRO |
| 100 ## - Datos de procesamiento general | |
| Datos de procesamiento general | 20010102d1998 m y1spay5003 ba |
| 105 ## - Campo de datos codificados: Material textual, monográfico | |
| Datos codificados de monografía | a 001zy |
| 200 1# - Título y mención de responsabilidad | |
| Título propio | Imaginaires mexicains |
| Designación general del material | texto impreso |
| Otra información del título | voyages dans le temps et l'espace |
| Primer mención de responsabilidad | Pierre Beaucage |
| 210 ## - Publicación, distribución, etc. | |
| Lugar de publicación, distribución, etc. | Québec |
| Nombre del editor, distribuidor, etc. | Musée de la Civilisation : Editions Fides |
| Fecha de publicación, distribución, etc. | 1998 |
| 215 ## - Descripción física | |
| Designación de material específico y extensión del ítem | 176 p |
| Otras características físicas | il., fotos |
| Dimensiones | 23 cm |
| 318 ## - Nota de acción | |
| Acción | No se presta a domicilio |
| 345 ## - Nota de información de adquisición | |
| Fuente de adquisición/dirección de la suscripción [OBSOLETO] | Compra |
| 410 #1 - Series | |
| Título | Collection images et sociétés |
| 607 ## - Nombre geográfico utilizado como tema | |
| Elemento de entrada | México |
| Subdivisión temática | Civilización |
| Número Koha | 153 |
| 660 ## - Código de área geográfica | |
| Código | MX |
| 700 ## - Nombre personal - Responsabilidad primaria | |
| Elemento de entrada | Beaucage |
| Parte del nombre distinta del elemento de entrada | Pierre |
| Fechas | 1942- |
| Número Koha | 19050 |
| 801 #0 - Fuente de origen | |
| Agencia | cm |
| 900 ## - | |
| -- | 1/919 |
| 900 ## - | |
| -- | 7100112701\020101 |
| 942 ## - ELEMENTOS DE ENTRADA SECUNDARIOS (KOHA) | |
| Tipo de ítem Koha | Livre |
| 996 ## - | |
| -- | MEX |
| -- | 751145101 |
| -- | MMAG |
| -- | 006383 |
| -- | R917.2 B371IM |
| -- | 20220428LIV |
| Estatus retirado | Estado de daño | Estado de pérdida | Fecha de adquisición | Biblioteca de origen | Biblioteca actual | Ubicación en estantería | Código de barras | Precio de reemplazo | Signatura topográfica completa | No para préstamo | Tipo de ítem Koha | Nota pública | Nota no pública |
|---|---|---|---|---|---|---|---|---|---|---|---|---|---|
| 05/08/2025 | Casa México Paris | Casa México Paris | 006383 | 05/08/2025 | R917.2 B371IM | No se presta a domicilio | Livre | 20220428LIV | 751145101 |